000 00950cam a2200301 a 4500
999 _c533898
_d533898
001 17132290
003 Nust
005 20200123152919.0
008 120124s2009 nyu b 000 1 eng
010 _a 2011534351
020 _a9788175739284 (pbk.)
038 _aMSOHAIL
040 M _aDLC
_cDLC
_dDLC
042 _apcc
043 _ae-uk-en
050 0 0 _aPR6023.A93
_bR3 2009
082 _a813.54
_bLAW
100 1 _aLawrence, D. H.
_q(David Herbert),
_d1885-1930.
_927942
245 1 4 _aThe rainbow /
_cD.H. Lawrence ; with a new introduction by Daphne Merkin.
260 _aNew York :
_bSignet Classics,
_c2009.
300 _axix, 491 p. ;
_c18 cm.
504 _aIncludes bibliographic references (p. 517-519)
651 0 _aMidlands (England)
_vFiction.
_927943
655 0 _aDomestic fiction.
_94525
906 _a7
_bcbc
_corigcop
_d2
_encip
_f20
_gy-gencatlg
942 _2ddc
_cBK